000 00213 a2200097 4500
001 45304
100 _aChapel, C
245 _aAircraft basic science
260 _aNew York
_bMcGraw Hill
_c
090 _c28483
_d28483
942 _aNUST-CAE
_cM
_c20539
999 _c280377
_d280377